kku e-library facility

Prescott's Microbiology (Record no. 162)

MARC details
000 -LEADER
fixed length control field 00454nam a2200145 4500
005 - DATE AND TIME OF LATEST TRANSACTION
control field 20260217101346.0
008 - FIXED-LENGTH DATA ELEMENTS--GENERAL INFORMATION
fixed length control field 260217b |||||||| |||| 00| 0 eng d
020 ## - INTERNATIONAL STANDARD BOOK NUMBER
International Standard Book Number 9781121913967
100 ## - MAIN ENTRY--PERSONAL NAME
Personal name Willey Joanne, Sherwood Linda and Woolverton Chris
245 ## - TITLE STATEMENT
Title Prescott's Microbiology
Statement of responsibility, etc. /Joanne, Linda & Chris
250 ## - EDITION STATEMENT
Edition statement 9th ed
260 ## - PUBLICATION, DISTRIBUTION, ETC.
Place of publication, distribution, etc. United States of America;
Name of publisher, distributor, etc. McGraw-Hill Companies:
Date of publication, distribution, etc. 2013
300 ## - PHYSICAL DESCRIPTION
Extent xi, 1149p. ill;
Dimensions 28cm
942 ## - ADDED ENTRY ELEMENTS (KOHA)
Source of classification or shelving scheme Library of Congress Classification
Suppress in OPAC No
Koha item type Books

No items available.

©2025 All rights reserved. KKU